[Event "ICS rated blitz match"]
[Site "204.178.125.65"]
[Date "2000.08.11"]
[Round "?"]
[White "Hossa"]
[Black "taxadviser"]
[Result "0-1"]
[WhiteElo "2502"]
[BlackElo "2390"]
[PlyCount "208"]
[EventDate "2000.??.??"]

1. d4 Nf6 2. c4 e6 3. Nf3 Bb4+ 4. Bd2 Qe7 5. g3 Nc6 6. Bg2 Bxd2+ 7. Nbxd2 d6 8.
O-O a5 9. e4 e5 10. d5 Nb8 11. Qa4+ Nbd7 12. Ne1 O-O 13. Nd3 Nc5 14. Nxc5 dxc5
15. f4 Ng4 16. Qa3 f6 17. h3 Nh6 18. fxe5 fxe5 19. Rxf8+ Qxf8 20. Rf1 Qe7 21.
Qe3 Bd7 22. Nf3 Nf7 23. Qd2 b6 24. Kh1 Nd6 25. Qc3 Re8 26. Nd2 h6 27. Rf2 Rf8
28. Rxf8+ Kxf8 29. Kg1 Qf6 30. Nf3 Nf7 31. Nh4 g5 32. Qf3 Ke7 33. Qxf6+ Kxf6
34. Nf3 g4 35. hxg4 Bxg4 36. Kf2 Bxf3 37. Kxf3 Nd6 38. Bf1 Kg5 39. b3 h5 40.
Bd3 h4 41. gxh4+ Kxh4 42. a3 Nf7 43. Be2 Ng5+ 44. Ke3 Kg3 45. Bd1 Nh3 46. Bf3
Nf4 47. Bd1 Ng2+ 48. Kd3 Kf4 49. Bh5 Nh4 50. a4 Nf3 51. Bg6 Nd4 52. Kd2 Nxb3+
53. Kc2 Nd4+ 54. Kd2 Nf3+ 55. Ke2 Ng5 56. Kd3 Nh3 57. Ke2 Ng1+ 58. Kf2 Nf3 59.
Ke2 Nd4+ 60. Kd2 Kf3 61. Bf5 Kf2 62. Bd7 Nf3+ 63. Kd3 Ng5 64. Bg4 Nh7 65. Bd7
Nf6 66. Bf5 Kf3 67. Bg6 Ng4 68. Bh5 Kf4 69. Bg6 Nf2+ 70. Ke2 Nxe4 71. Kd3 Nd6
72. Kc3 Ke3 73. Bc2 e4 74. Bd1 Nf5 75. Bc2 Nd4 76. Bb1 Kf3 77. Kd2 e3+ 78. Ke1
e2 79. Bd3 Ke3 80. Bxe2 Nxe2 81. Kd1 Nc3+ 82. Kc2 Kd4 83. Kb3 Kd3 84. Kb2 Kxc4
85. Kc2 Nxd5 86. Kd2 Kb4 87. Kc2 c4 88. Kd2 Kxa4 89. Kc2 b5 90. Kc1 b4 91. Kb2
b3 92. Kc1 Kb4 93. Kd2 c3+ 94. Kd3 c2 95. Kd2 a4 96. Kc1 a3 97. Kd2 a2 98. Kd3
a1=Q 99. Ke4 Kc4 100. Kf5 Qe1 101. Kg4 Qf2 102. Kh5 Qg3 103. Kh6 c1=Q+ 104. Kh7
Qh1# {Hossa checkmated} 0-1

[Event "ICS rated blitz match"]
[Site "204.178.125.65"]
[Date "2000.08.11"]
[Round "?"]
[White "taxadviser"]
[Black "Hossa"]
[Result "0-1"]
[WhiteElo "2424"]
[BlackElo "2488"]
[PlyCount "86"]
[EventDate "2000.??.??"]

1. d4 Nf6 2. c4 e6 3. Nc3 Bb4 4. Qc2 c5 5. dxc5 O-O 6. a3 Bxc5 7. Nf3 d6 8. Bg5
h6 9. Bh4 Nc6 10. e3 Bd7 11. Be2 Qc7 12. Bxf6 gxf6 13. b4 Bb6 14. Na4 Ne5 15.
Nxb6 Qxb6 16. O-O Bc6 17. Nd4 Rac8 18. Rac1 Bd5 19. Qa2 Be4 20. Qd2 a6 21. f3
Bg6 22. Kh1 Bh7 23. e4 Rfd8 24. Rfd1 Kg7 25. Rc3 Rg8 26. Bf1 Qa7 27. Rdc1 Bg6
28. Nb3 Rcd8 29. Rd1 f5 30. exf5 Bxf5 31. Nd4 Bh7 32. h3 Nc6 33. Ne2 d5 34.
cxd5 Rxd5 35. Qe1 Rxd1 36. Qxd1 Qf2 37. Nf4 Rd8 38. Qa1 Nd4 39. Rc7 Kg8 40. Qd1
b5 41. Nh5 Qh4 42. f4 Bg6 43. g4 Be4+ {taxadviser resigns} 0-1

[Event "ICS rated standard match"]
[Site "204.178.125.65"]
[Date "2000.08.11"]
[Round "?"]
[White "cwalter"]
[Black "Hossa"]
[Result "0-1"]
[WhiteElo "2253"]
[BlackElo "2425"]
[PlyCount "88"]
[EventDate "2000.??.??"]

1. e4 e5 2. Nf3 Nc6 3. Bb5 a6 4. Ba4 Nf6 5. O-O Be7 6. Re1 b5 7. Bb3 d6 8. c3
O-O 9. h3 Na5 10. Bc2 c5 11. d4 Qc7 12. Nbd2 cxd4 13. cxd4 Bd7 14. b3 Rfc8 15.
b4 Qc3 16. Rb1 Qxc2 17. Qxc2 Rxc2 18. bxa5 Rxa2 19. dxe5 dxe5 20. Nxe5 Rxa5 21.
Nb3 Ra2 22. Bg5 Be6 23. Nc6 Ba3 24. e5 Ne4 25. Rxe4 Bd5 26. Rg4 Bxc6 27. Bh6
Bf8 28. Nd4 Bd7 29. Rg3 g6 30. Bxf8 Rxf8 31. Rd1 b4 32. f4 Ba4 33. Rb1 a5 34.
f5 Rd8 35. Rg4 Rd2 36. Nf3 Rd1+ 37. Rxd1 Rxd1+ 38. Kf2 b3 39. Rxa4 b2 40. Rxa5
b1=Q 41. Ra8+ Kg7 42. f6+ Kh6 43. g4 Rf1+ 44. Kg2 Rxf3 {cwalter resigns} 0-1

[Event "ICS Rated standard match"]
[Site "204.178.125.65"]
[Date "2000.08.11"]
[Round "?"]
[White "Hossa"]
[Black "mmital77"]
[Result "1-0"]
[WhiteElo "2434"]
[BlackElo "1654"]
[PlyCount "54"]
[EventDate "2000.??.??"]

1. d4 e6 2. g3 d6 3. Nf3 Be7 4. c4 Bd7 5. Qb3 Bc6 6. d5 Bd7 7. Qxb7 a6 8. Qxa8
c6 9. dxe6 fxe6 10. Qa7 c5 11. Bh3 Nc6 12. Qb7 Bc8 13. Qxc6+ Bd7 14. Qxa6 Bc8
15. Qa8 Bd7 16. Qxd8+ Bxd8 17. e4 Ba5+ 18. Ke2 Nf6 19. e5 Ne4 20. exd6 O-O 21.
Ne5 Rxf2+ 22. Ke3 Ng5 23. Kxf2 Nxh3+ 24. Kg2 Ng5 25. Bxg5 Ba4 26. b3 Be8 27. d7
Bxd7 {mmital77 resigns} 1-0

[Event "ICS Rated standard match"]
[Site "204.178.125.65"]
[Date "2000.08.11"]
[Round "?"]
[White "Hossa"]
[Black "erdanie"]
[Result "1-0"]
[WhiteElo "2434"]
[BlackElo "1904"]
[PlyCount "49"]
[EventDate "2000.??.??"]

1. e4 Nf6 2. e5 Nd5 3. c4 Nb6 4. d4 d6 5. f4 dxe5 6. fxe5 Nc6 7. Be3 Bf5 8. Nc3
e6 9. Nf3 Be7 10. Be2 O-O 11. O-O f6 12. exf6 Bxf6 13. Kh1 Qd7 14. Qd2 Rad8 15.
Rad1 Ne7 16. Qe1 c6 17. Ne5 Bxe5 18. dxe5 Qc7 19. Bc5 Rf7 20. Bd6 Qc8 21. g4
Bg6 22. Rxf7 Kxf7 23. Qh4 Rd7 24. Rf1+ Ke8 25. Qf2 {erdanie resigns} 1-0

[Event "ICS rated blitz match"]
[Site "204.178.125.65"]
[Date "2000.08.11"]
[Round "?"]
[White "Hossa"]
[Black "MissSilicon"]
[Result "0-1"]
[WhiteElo "2497"]
[BlackElo "2670"]
[PlyCount "116"]
[EventDate "2000.??.??"]

1. d4 Nf6 2. Nf3 e6 3. Bf4 b6 4. e3 Bb7 5. Bd3 Be7 6. Nbd2 Nh5 7. Be5 d6 8. Bg3
Nc6 9. c3 O-O 10. Qc2 h6 11. O-O-O a5 12. Kb1 d5 13. Be5 f6 14. Bh7+ Kh8 15.
Bg3 Nxg3 16. hxg3 f5 17. Bg6 Ba6 18. Rh3 Kg8 19. Rdh1 Bd6 20. Nh4 Qg5 21. Ndf3
Qf6 22. Bh5 Ne7 23. Nd2 a4 24. Nhf3 a3 25. b3 g6 26. Bxg6 Nxg6 27. Rxh6 Qg7 28.
Ng5 Rfe8 29. Rh7 Qf6 30. Ndf3 Re7 31. R7h5 Rg7 32. Rh6 Bb5 33. Nh7 Qf7 34. Nfg5
Qe7 35. f4 Bd7 36. Qd3 c6 37. Qd2 Be8 38. Ka1 b5 39. Qd3 Ra7 40. Qc2 b4 41. Qd2
bxc3 42. Qxc3 Rb7 43. R1h3 Bb4 44. Qd3 c5 45. dxc5 Rxh7 46. Rxh7 Qf6+ 47. Qd4
Bc3+ 48. Kb1 Bxd4 49. exd4 Qxd4 50. Kc2 Qb2+ 51. Kd1 Qb1+ 52. Kd2 Qxa2+ 53. Ke1
Rxb3 54. Rg7+ Kxg7 55. Rh7+ Kg8 56. Rg7+ Kxg7 57. Nxe6+ Kf6 58. c6 Rb1# {
Hossa checkmated} 0-1

[Event "ICS rated standard match"]
[Site "204.178.125.65"]
[Date "2000.08.11"]
[Round "?"]
[White "lindolfo"]
[Black "Hossa"]
[Result "0-1"]
[WhiteElo "2200"]
[BlackElo "2435"]
[PlyCount "60"]
[EventDate "2000.??.??"]

1. d4 Nf6 2. c4 e6 3. Nc3 Bb4 4. Qc2 c5 5. Nf3 O-O 6. e3 cxd4 7. exd4 Ba5 8.
Bd2 Nc6 9. Bd3 d5 10. c5 Nb4 11. Qb1 b6 12. cxb6 Nxd3+ 13. Qxd3 Bxb6 14. O-O a5
15. a4 Ne4 16. Nxe4 Ba6 17. Qc2 dxe4 18. Qxe4 Bxf1 19. Ng5 g6 20. Rxf1 Bxd4 21.
Qc2 Rc8 22. Qb1 Rb8 23. Bc1 Qd7 24. b3 Qd5 25. b4 Rxb4 26. Qd3 Bxf2+ 27. Rxf2
Qxd3 28. Rf3 Qe2 29. Rf2 Qc4 30. Bd2 Rb1+ {lindolfo resigns} 0-1

[Event "ICS rated standard match"]
[Site "204.178.125.65"]
[Date "2000.08.11"]
[Round "?"]
[White "Hossa"]
[Black "lindolfo"]
[Result "1-0"]
[WhiteElo "2435"]
[BlackElo "2121"]
[PlyCount "33"]
[EventDate "2000.??.??"]

1. e4 e5 2. Nf3 Nc6 3. Bb5 a6 4. Ba4 Nf6 5. O-O Be7 6. Re1 b5 7. Bb3 O-O 8. c3
Bb7 9. d4 exd4 10. cxd4 Na5 11. Bc2 Re8 12. e5 Nd5 13. Be4 Bb4 14. Re2 Qe7 15.
a3 Nc3 16. bxc3 Bxe4 17. Rxe4 {lindolfo resigns} 1-0

[Event "ICS rated standard match"]
[Site "204.178.125.65"]
[Date "2000.08.11"]
[Round "?"]
[White "stevesand"]
[Black "Hossa"]
[Result "0-1"]
[WhiteElo "2108"]
[BlackElo "2435"]
[PlyCount "75"]
[EventDate "2000.??.??"]

1. d4 Nf6 2. Nf3 e6 3. g3 b6 4. Bg2 Bb7 5. O-O c5 6. e3 Be7 7. c4 O-O 8. Nc3 d5
9. cxd5 exd5 10. dxc5 bxc5 11. b3 Nc6 12. Bb2 Ba6 13. Re1 Qd7 14. Rc1 Rfe8 15.
Na4 Ne4 16. Nd2 Nxf2 17. Kxf2 Nb4 18. Bf1 Bxf1 19. Nxf1 Qf5+ 20. Kg1 Nd3 21.
Qc2 Qg6 22. Re2 Nxc1 23. Qxc1 Rac8 24. Rc2 c4 25. bxc4 Qc6 26. Nc3 dxc4 27. Ne2
Bg5 28. Nf4 Qa4 29. Bd4 Rc6 30. Nd2 Bxf4 31. gxf4 Rg6+ 32. Kf2 Rh6 33. Nf3 Rc8
34. Qb2 Rh3 35. Rc3 Qc6 36. Qe2 Qd5 37. Kg2 Qh5 38. e4 {stevesand resigns} 0-1

[Event "ICS rated standard match"]
[Site "204.178.125.65"]
[Date "2000.08.11"]
[Round "?"]
[White "Hossa"]
[Black "stevesand"]
[Result "1-0"]
[WhiteElo "2439"]
[BlackElo "2104"]
[PlyCount "90"]
[EventDate "2000.??.??"]

1. e4 c6 2. c4 d5 3. cxd5 cxd5 4. exd5 Nf6 5. Nc3 g6 6. Bb5+ Nbd7 7. d4 Bg7 8.
d6 O-O 9. dxe7 Qxe7+ 10. Nge2 a6 11. Bd3 b5 12. a3 Bb7 13. O-O Ng4 14. h3 Nh6
15. Re1 Qh4 16. Bf4 Rfe8 17. Qd2 Nf5 18. Bxf5 gxf5 19. Bg5 Qh5 20. Ng3 Qg6 21.
Qf4 Nb6 22. Nxf5 h6 23. Rxe8+ Rxe8 24. Nxg7 Kxg7 25. Bxh6+ Qxh6 26. Qc7 Qc6 27.
Qh2 Re6 28. f3 Nd5 29. Ne4 Nf6 30. Nc5 Re2 31. Qf4 Qd5 32. Nxb7 Nh5 33. Qg4+
Kh6 34. Nc5 f5 35. Qh4 f4 36. Rd1 Qg8 37. Qg4 Qxg4 38. fxg4 Ng3 39. Nd3 f3 40.
gxf3 Rc2 41. Nf2 Rxb2 42. d5 Kg5 43. d6 Ne2+ 44. Kf1 Ng3+ 45. Kg2 Kh4 {
stevesand resigns} 1-0

[Event "ICS rated standard match"]
[Site "204.178.125.65"]
[Date "2000.08.11"]
[Round "?"]
[White "stevesand"]
[Black "Hossa"]
[Result "0-1"]
[WhiteElo "2100"]
[BlackElo "2443"]
[PlyCount "98"]
[EventDate "2000.??.??"]

1. d4 Nf6 2. Nf3 e6 3. g3 b6 4. Bg2 Bb7 5. O-O c5 6. e3 Be7 7. c4 O-O 8. Nc3 d5
9. cxd5 exd5 10. dxc5 bxc5 11. b3 Nc6 12. Bb2 Ba6 13. Re1 Qd7 14. Rc1 Rfe8 15.
Na4 Ne4 16. Nd2 Nxf2 17. Kxf2 Nb4 18. Bf1 Bxf1 19. Nxf1 Qf5+ 20. Kg1 Nd3 21.
Re2 Nxc1 22. Qxc1 Rac8 23. Qc2 Qh3 24. Rf2 g6 25. Qc3 f6 26. Qd3 Qe6 27. Nc3
Rcd8 28. Ne2 Qc6 29. Qd1 Rd7 30. Qa1 f5 31. Qc1 Bd6 32. Nf4 Rde7 33. Qd2 Bxf4
34. gxf4 Rd7 35. Qc3 d4 36. Qc4+ Qd5 37. Qxd5+ Rxd5 38. exd4 cxd4 39. Nd2 Re1+
40. Kg2 d3 41. Nc4 h6 42. Rd2 g5 43. Ne5 Re2+ 44. Rxe2 d2 45. Nc6 d1=Q 46. Re8+
Kf7 47. Re7+ Kg6 48. Re2 Qxe2+ 49. Kg3 Rd3# 0-1

[Event "ICS rated standard match"]
[Site "204.178.125.65"]
[Date "2000.08.11"]
[Round "?"]
[White "Hossa"]
[Black "stevesand"]
[Result "1-0"]
[WhiteElo "2447"]
[BlackElo "2096"]
[PlyCount "37"]
[EventDate "2000.??.??"]

1. e4 c6 2. c4 d5 3. cxd5 cxd5 4. exd5 Nf6 5. Nc3 g6 6. Bb5+ Nbd7 7. d4 Bg7 8.
d6 exd6 9. Qe2+ Qe7 10. Bf4 a6 11. Bxd6 Qxe2+ 12. Bxe2 Nb6 13. Nf3 Be6 14. O-O
Nc4 15. Bxc4 Bxc4 16. Rfe1+ Kd8 17. Be7+ Kc8 18. Bxf6 Bxf6 19. Ne4 {
stevesand resigns} 1-0

[Event "ICS rated standard match"]
[Site "204.178.125.65"]
[Date "2000.08.11"]
[Round "?"]
[White "stevesand"]
[Black "Hossa"]
[Result "0-1"]
[WhiteElo "2092"]
[BlackElo "2451"]
[PlyCount "70"]
[EventDate "2000.??.??"]

1. d4 f5 2. Nf3 Nf6 3. g3 e6 4. Bg2 Nc6 5. O-O Be7 6. c4 O-O 7. d5 Nb4 8. Nc3
Ne4 9. Nxe4 fxe4 10. Ne1 exd5 11. cxd5 d6 12. a3 Na6 13. Bxe4 Nc5 14. Bg2 Bd7
15. Nd3 Ba4 16. Qe1 Nxd3 17. exd3 Bf6 18. Bd2 Bb5 19. Be4 Bxb2 20. Rb1 Qf6 21.
Qe2 Ba6 22. h4 Bxa3 23. Bg5 Qf7 24. h5 Rae8 25. Qg4 b5 26. Kh2 Bc8 27. Qh4 a6
28. g4 Bb7 29. f4 h6 30. Bxh6 gxh6 31. g5 Bxd5 32. gxh6 Bxe4 33. dxe4 Rxe4 34.
Qg5+ Kh7 35. Rb3 Re2+ {stevesand resigns} 0-1

[Event "ICS rated standard match"]
[Site "204.178.125.65"]
[Date "2000.08.11"]
[Round "?"]
[White "Hossa"]
[Black "stevesand"]
[Result "1-0"]
[WhiteElo "2455"]
[BlackElo "2088"]
[PlyCount "133"]
[EventDate "2000.??.??"]

1. e4 c6 2. c4 d5 3. cxd5 cxd5 4. exd5 Nf6 5. Nc3 g6 6. Bb5+ Nbd7 7. d4 a6 8.
Bd3 Nb6 9. d6 Qxd6 10. Nge2 Nbd5 11. Nxd5 Nxd5 12. O-O Bg7 13. Bg5 O-O 14. Qd2
Be6 15. Be4 Rfd8 16. Bh6 Rac8 17. Bxg7 Kxg7 18. Rfc1 Rxc1+ 19. Rxc1 Rd7 20. b3
Rc7 21. Bf3 Rxc1+ 22. Qxc1 Qb4 23. h4 h5 24. Be4 Qd6 25. Qg5 b5 26. Bd3 Nf6 27.
Qc1 Ng4 28. Qf4 Qxf4 29. Nxf4 Kf6 30. Be4 a5 31. Bc6 b4 32. g3 Bf5 33. Nd5+ Ke6
34. f3 Nh6 35. Ne3 Bd3 36. Bd5+ Kd6 37. Be4 Bb5 38. Nc4+ Bxc4 39. bxc4 e5 40.
c5+ Kd7 41. d5 f5 42. Bd3 Nf7 43. Kf1 Kc7 44. Bb5 Nd8 45. d6+ Kc8 46. c6 Nf7
47. Ba6+ Kb8 48. c7+ Ka7 49. c8=Q Nxd6 50. Qc7+ Kxa6 51. Qxd6+ Ka7 52. Qxg6 a4
53. Qxh5 b3 54. axb3 axb3 55. Qxf5 b2 56. Qc2 Kb6 57. Qxb2+ Ka5 58. Qxe5+ Ka4
59. Qb2 Ka5 60. Qb3 Ka6 61. Qb4 Ka7 62. Kf2 Ka8 63. Ke3 Ka7 64. Kd4 Ka8 65. Kc5
Ka7 66. Kc6 Ka8 67. Qb7# 1-0

[Event "ICS rated standard match"]
[Site "204.178.125.65"]
[Date "2000.08.11"]
[Round "?"]
[White "stevesand"]
[Black "Hossa"]
[Result "1/2-1/2"]
[WhiteElo "2085"]
[BlackElo "2458"]
[PlyCount "70"]
[EventDate "2000.??.??"]

1. d4 Nf6 2. Nf3 e6 3. g3 b6 4. Bg2 Bb7 5. O-O c5 6. e3 Be7 7. c4 O-O 8. Nc3 d5
9. cxd5 exd5 10. dxc5 bxc5 11. b3 Nc6 12. Bb2 Qd7 13. Rc1 Ba6 14. Re1 Rfe8 15.
Na4 Ne4 16. Nd2 Nxf2 17. Kxf2 Nb4 18. Bf1 Bxf1 19. Nxf1 Qf5+ 20. Kg1 Nd3 21.
Re2 Nxc1 22. Qxc1 Rac8 23. Rf2 Qh3 24. Rc2 c4 25. Bd4 cxb3 26. axb3 Qd7 27. Nc5
Qh3 28. Nd3 Qf5 29. Rxc8 Rxc8 30. Qd2 a5 31. Nf4 g5 32. Nd3 f6 33. Kg2 Qe4+ 34.
Kg1 Qf5 35. Kg2 Qe4+ 1/2-1/2

[Event "ICS rated standard match"]
[Site "204.178.125.65"]
[Date "2000.08.11"]
[Round "?"]
[White "Hossa"]
[Black "Interceptor"]
[Result "1/2-1/2"]
[WhiteElo "2445"]
[BlackElo "2524"]
[PlyCount "153"]
[EventDate "2000.??.??"]

1. e4 e5 2. Nf3 Nc6 3. Bb5 a6 4. Ba4 Nf6 5. O-O Nxe4 6. d4 b5 7. Bb3 d5 8. dxe5
Be6 9. Nbd2 Nc5 10. c3 Bg4 11. Bc2 Be7 12. Nb3 Nxb3 13. Bxb3 Nxe5 14. Bxd5 c6
15. Re1 Qxd5 16. Qxd5 cxd5 17. Nxe5 Be6 18. Bd2 O-O 19. a4 Rfe8 20. Nc6 Bc5 21.
Be3 Bxe3 22. fxe3 bxa4 23. e4 a3 24. Rxa3 Bd7 25. Nb4 dxe4 26. Rxa6 f5 27. Rxa8
Rxa8 28. Nd5 Kf7 29. Nb6 Rd8 30. Rd1 Ke8 31. Nxd7 Rxd7 32. Rxd7 Kxd7 33. b4 g5
34. c4 Kc6 35. Kf1 f4 36. h3 h5 37. Ke2 g4 38. hxg4 hxg4 39. b5+ Kc5 40. g3
fxg3 41. Ke3 Kb6 42. Ke2 g2 43. Kf2 g1=Q+ 44. Kxg1 e3 45. Kg2 Kc5 46. Kg3 Kxc4
47. b6 e2 48. Kf2 Kd3 49. b7 Kd2 50. b8=Q e1=Q+ 51. Kg2 Qe2+ 52. Kg3 Qf3+ 53.
Kh2 Kd3 54. Qb3+ Ke4 55. Qb7+ Ke3 56. Qb6+ Kf4 57. Qc7+ Kf5 58. Qf7+ Ke5 59.
Qxf3 gxf3 60. Kg3 Ke4 61. Kf2 Kf4 62. Kf1 Kg3 63. Kg1 Kh4 64. Kf2 Kg4 65. Kf1
Kf5 66. Kg1 Ke5 67. Kf2 Ke4 68. Kf1 Ke3 69. Ke1 Kd4 70. Kf1 Kc3 71. Kg1 Kd4 72.
Kf2 Ke5 73. Kg1 Kf6 74. Kh1 Ke6 75. Kh2 Kd5 76. Kg3 f2 77. Kxf2 1/2-1/2

[Event "ICS rated blitz match"]
[Site "204.178.125.65"]
[Date "2000.08.11"]
[Round "?"]
[White "Hossa"]
[Black "CheckmateJim"]
[Result "1-0"]
[WhiteElo "2488"]
[BlackElo "2023"]
[PlyCount "73"]
[EventDate "2000.??.??"]

1. e4 e5 2. Nf3 Nc6 3. Bb5 a6 4. Ba4 b5 5. Bb3 Na5 6. O-O Nxb3 7. axb3 d6 8. d4
exd4 9. Nxd4 Bb7 10. Nc3 Nf6 11. Bg5 Be7 12. Nf5 O-O 13. b4 h6 14. Bh4 Qd7 15.
Qf3 Rae8 16. Nxh6+ gxh6 17. Bxf6 Bxf6 18. Qxf6 Re6 19. Qf5 Qe7 20. Nd5 Bxd5 21.
exd5 Re5 22. Qh3 Qf6 23. Qc3 Qg7 24. Qxc7 Rg5 25. g3 Rxd5 26. Rxa6 Qe5 27. b3
Re8 28. c4 bxc4 29. bxc4 Rd2 30. Qd7 Qe2 31. Rxd6 Rxd6 32. Qxd6 Qxc4 33. Qxh6
Qxb4 34. Qg5+ Kf8 35. h4 Re6 36. h5 Re4 37. h6 1-0

[Event "ICS rated blitz match"]
[Site "204.178.125.65"]
[Date "2000.08.11"]
[Round "?"]
[White "CheckmateJim"]
[Black "Hossa"]
[Result "0-1"]
[WhiteElo "2021"]
[BlackElo "2490"]
[PlyCount "46"]
[EventDate "2000.??.??"]

1. e4 c5 2. Nf3 d6 3. Nc3 Nc6 4. d4 cxd4 5. Nxd4 g6 6. Nxc6 bxc6 7. Qd4 e5 8.
Qa4 Bd7 9. Be2 a5 10. Qc4 Ne7 11. Be3 Be6 12. Qd3 Bg7 13. Rd1 d5 14. exd5 cxd5
15. Bc5 d4 16. Qb5+ Bd7 17. Qc4 dxc3 18. O-O cxb2 19. Rd6 Qc7 20. Rfd1 Rd8 21.
Bb6 Qxd6 22. Bxd8 Qxd1+ 23. Bxd1 b1=Q 0-1

[Event "ICS rated blitz match"]
[Site "204.178.125.65"]
[Date "2000.08.11"]
[Round "?"]
[White "MissSilicon"]
[Black "Hossa"]
[Result "1-0"]
[WhiteElo "2684"]
[BlackElo "2492"]
[PlyCount "155"]
[EventDate "2000.??.??"]

1. e4 e5 2. Bc4 Bc5 3. d3 d6 4. Ne2 Nf6 5. O-O Be6 6. Bxe6 fxe6 7. Nbc3 O-O 8.
Be3 Bxe3 9. fxe3 Nc6 10. Qe1 Kh8 11. d4 exd4 12. exd4 e5 13. Rd1 exd4 14. Nxd4
Nxd4 15. Rxd4 Qd7 16. Qf2 Qe7 17. Rdd1 Ng4 18. Qg3 Ne5 19. Nd5 Qd7 20. Qa3 Nf7
21. Qc3 Rac8 22. b3 c6 23. Ne3 Ng5 24. Rxf8+ Rxf8 25. Qd4 b5 26. h4 c5 27. Qd5
Nf7 28. Qxc5 Qe6 29. Qd4 Qe5 30. Qxe5 dxe5 31. Rd7 a6 32. Ra7 Nd6 33. Rxa6 Nxe4
34. Re6 Nc3 35. Rxe5 b4 36. Ra5 Kg8 37. h5 Rf4 38. g4 Re4 39. Kf2 Rf4+ 40. Kg3
Rf8 41. Nf5 Kh8 42. Ra6 Ne2+ 43. Kh4 Nf4 44. Rb6 Nd5 45. Rb5 Rd8 46. Nd4 Nc3
47. Rxb4 Nxa2 48. Rc4 Kg8 49. b4 h6 50. b5 Nc1 51. b6 Rb8 52. Rb4 Rb7 53. Rb1
Na2 54. Ne2 Kf7 55. Rb2 Ke6 56. c4 Kd6 57. Rxa2 Rxb6 58. Ra7 Rb2 59. Nd4 Ke5
60. Rd7 Ke4 61. Nb5 Rg2 62. Rxg7 Kf4 63. Rf7+ Ke5 64. Rf5+ Ke6 65. Nd4+ Kd7 66.
c5 Rh2+ 67. Kg3 Rd2 68. c6+ Kc7 69. Rf7+ Kb6 70. c7 Kb7 71. Nb5 Kb6 72. c8=Q
Rd3+ 73. Kh4 Ka5 74. Qc5 Ka4 75. Rf4+ Kb3 76. Rb4+ Ka2 77. Qa7+ Ra3 78. Qxa3# {
Hossa checkmated} 1-0

[Event "ICS rated blitz match"]
[Site "204.178.125.65"]
[Date "2000.08.11"]
[Round "?"]
[White "Hossa"]
[Black "WitPaard"]
[Result "1-0"]
[WhiteElo "2484"]
[BlackElo "2315"]
[PlyCount "41"]
[EventDate "2000.??.??"]

1. e4 e5 2. Nf3 Nc6 3. Bb5 f5 4. d3 fxe4 5. dxe4 Nf6 6. Bg5 Bc5 7. O-O d6 8.
Bc4 Qe7 9. Nc3 Be6 10. Nd5 Bxd5 11. exd5 Nd8 12. Nd2 O-O 13. Ne4 Bb6 14. Nxf6+
gxf6 15. Bh6 Rf7 16. Qh5 f5 17. Be2 Qf6 18. a4 a5 19. Ra3 f4 20. Bd3 Kh8 21.
Bxh7 {WitPaard resigns} 1-0

[Event "ICS rated blitz match"]
[Site "204.178.125.65"]
[Date "2000.08.11"]
[Round "?"]
[White "WitPaard"]
[Black "Hossa"]
[Result "0-1"]
[WhiteElo "2306"]
[BlackElo "2493"]
[PlyCount "62"]
[EventDate "2000.??.??"]

1. e4 c5 2. Nf3 d6 3. d4 cxd4 4. Nxd4 Nf6 5. Nc3 a6 6. Bc4 e6 7. Bb3 b5 8. Bg5
Bb7 9. Bxe6 fxe6 10. Nxe6 Qd7 11. Nxf8 Rxf8 12. Qd4 Qg4 13. Bxf6 Qxg2 14. Qxd6
Rxf6 15. Qe5+ Kf8 16. O-O-O Nc6 17. Qc5+ Ne7 18. Rhf1 Rc8 19. Qa7 Bxe4 20. Rfe1
Rxf2 21. Rxe4 Rxc2+ 22. Kb1 Rxb2+ 23. Ka1 Rxa2+ 24. Nxa2 Qxe4 25. Qxa6 Qe5+ 26.
Kb1 Qe2 27. Rc1 Qe4+ 28. Kb2 Ra8 29. Qxb5 Qg2+ 30. Kc3 Qxa2 31. Rf1+ Kg8 {
WitPaard resigns} 0-1

[Event "ICS rated blitz match"]
[Site "204.178.125.65"]
[Date "2000.08.11"]
[Round "?"]
[White "Hossa"]
[Black "WitPaard"]
[Result "1-0"]
[WhiteElo "2501"]
[BlackElo "2298"]
[PlyCount "31"]
[EventDate "2000.??.??"]

1. e4 e5 2. Nf3 Nc6 3. Bb5 f5 4. d3 fxe4 5. dxe4 Nf6 6. Bg5 Bc5 7. O-O d6 8.
Bc4 Bg4 9. h3 Bh5 10. Nc3 Na5 11. Be2 O-O 12. Nd5 Nc6 13. Nxf6+ gxf6 14. Bh6
Re8 15. Nxe5 Bxe2 16. Qd5+ {WitPaard resigns} 1-0

[Event "ICS rated blitz match"]
[Site "204.178.125.65"]
[Date "2000.08.11"]
[Round "?"]
[White "WitPaard"]
[Black "Hossa"]
[Result "0-1"]
[WhiteElo "2290"]
[BlackElo "2509"]
[PlyCount "68"]
[EventDate "2000.??.??"]

1. e4 e5 2. Nf3 Nc6 3. Bc4 Nf6 4. O-O Bc5 5. d4 exd4 6. e5 Ng4 7. Bf4 a6 8. h3
Nh6 9. Bxh6 gxh6 10. Qd2 Qe7 11. Re1 Bb4 12. c3 dxc3 13. bxc3 Bc5 14. Qxh6
Bxf2+ 15. Kxf2 Qc5+ 16. Nd4 Qxc4 17. Qg7 Rf8 18. Re3 Nxd4 19. Nd2 Qc5 20. cxd4
Qxd4 21. Ne4 d5 22. Nf6+ Ke7 23. Rc1 Qd2+ 24. Re2 Qf4+ 25. Kg1 Qxc1+ 26. Kh2
Qf4+ 27. g3 Qf3 28. Rd2 c6 29. Qg5 Ke6 30. Nxh7 Re8 31. Nf6 Rh8 32. h4 b6 33.
Ng4 Bb7 34. Rf2 Rag8 {WitPaard resigns} 0-1

[Event "ICS rated blitz match"]
[Site "204.178.125.65"]
[Date "2000.08.11"]
[Round "?"]
[White "Hossa"]
[Black "WitPaard"]
[Result "1/2-1/2"]
[WhiteElo "2516"]
[BlackElo "2272"]
[PlyCount "104"]
[EventDate "2000.??.??"]

1. d4 f5 2. g3 Nf6 3. Bg2 g6 4. c4 Bg7 5. Nc3 O-O 6. Nf3 d6 7. O-O c6 8. Qb3
Kh8 9. Bf4 Nh5 10. Bg5 Qc7 11. Kh1 Na6 12. Qc2 e5 13. dxe5 dxe5 14. Rfd1 Be6
15. Nd2 h6 16. Bh4 g5 17. g4 Nf4 18. gxf5 Bxf5 19. e4 Bg4 20. f3 Nxg2 21. Kxg2
Bh5 22. Bf2 Qf7 23. Kg1 Bxf3 24. Rf1 Qh5 25. Nxf3 Rxf3 26. Rae1 Raf8 27. Bxa7
Rxf1+ 28. Rxf1 Qg4+ 29. Qg2 Qxg2+ 30. Kxg2 Rxf1 31. Kxf1 Nb4 32. Ke2 Bf8 33.
Bb8 Bg7 34. Kd2 Na6 35. Bd6 Kg8 36. a3 Kf7 37. Nd1 Ke6 38. c5 g4 39. Ne3 h5 40.
Nf5 Bf6 41. Ke2 h4 42. Nh6 g3 43. hxg3 hxg3 44. Nf5 g2 45. Kf2 Bg5 46. Kxg2 Bc1
47. a4 Bxb2 48. Ng7+ Kf7 49. Nf5 Ke6 50. Ng7+ Kf7 51. Nf5 Ke6 52. Ng7+ Kf7
1/2-1/2

[Event "ICS rated blitz match"]
[Site "204.178.125.65"]
[Date "2000.08.11"]
[Round "?"]
[White "WitPaard"]
[Black "Hossa"]
[Result "0-1"]
[WhiteElo "2282"]
[BlackElo "2506"]
[PlyCount "88"]
[EventDate "2000.??.??"]

1. e4 e5 2. Nf3 Nc6 3. Bc4 Nf6 4. Ng5 d5 5. exd5 Na5 6. Bb5+ Bd7 7. Qe2 Be7 8.
Nc3 O-O 9. Bxd7 Qxd7 10. Qxe5 Rfe8 11. O-O Ng4 12. Qf4 Bd6 13. Qa4 Qxa4 14.
Nxa4 Nxh2 15. Rd1 h6 16. Nh3 Ng4 17. d3 b5 18. Nc3 b4 19. Ne4 Bh2+ 20. Kh1 f5
21. Nc5 Re2 22. f3 Bd6 23. fxg4 Bxc5 24. gxf5 Rxc2 25. Nf4 Bd6 26. Ne6 Rf2 27.
g4 Rf3 28. Kg2 Rg3+ 29. Kf2 Rxg4 30. Be3 b3 31. Bd4 Rxd4 32. Nxd4 Bc5 33. Kf3
Bxd4 34. axb3 Nxb3 35. Ra4 Bxb2 36. Rb4 Nd4+ 37. Ke4 Re8+ 38. Kf4 Ne2+ 39. Kf3
Bd4 40. Rh1 Kf7 41. Rh2 Re3+ 42. Kg4 Rg3+ 43. Kh4 Bf6+ 44. Kh5 Rg5+ {
WitPaard resigns} 0-1

[Event "ICS rated blitz match"]
[Site "204.178.125.65"]
[Date "2000.08.11"]
[Round "?"]
[White "Hossa"]
[Black "WitPaard"]
[Result "1-0"]
[WhiteElo "2513"]
[BlackElo "2275"]
[PlyCount "29"]
[EventDate "2000.??.??"]

1. e4 e5 2. Nf3 Nc6 3. Bb5 f5 4. d3 fxe4 5. dxe4 Nf6 6. Bg5 Bc5 7. O-O O-O 8.
Bxf6 Qxf6 9. Qd5+ Kh8 10. Qxc5 d6 11. Qe3 Bg4 12. Nbd2 Qg6 13. Kh1 Qh5 14. Bxc6
bxc6 15. Qg5 {WitPaard resigns} 1-0